|
|
|
|
| LEADER |
01317nam a2200349Ia 4500 |
| 001 |
EBC289856 |
| 003 |
MiAaPQ |
| 005 |
20200520144314.0 |
| 006 |
m o d | |
| 007 |
cr cn||||||||| |
| 008 |
041016s2004 xxu gsb 000 0 eng d |
| 020 |
|
|
|z 0861769759
|
| 035 |
|
|
|a (MiAaPQ)EBC289856
|
| 035 |
|
|
|a (Au-PeEL)EBL289856
|
| 035 |
|
|
|a (CaPaEBR)ebr10064561
|
| 035 |
|
|
|a (CaONFJC)MIL51548
|
| 035 |
|
|
|a (OCoLC)70735735
|
| 040 |
|
|
|a MiAaPQ
|c MiAaPQ
|d MiAaPQ
|
| 050 |
|
4 |
|a HF5415.2
|b .Q35 2004
|
| 245 |
0 |
0 |
|a Qualitative research at the marketing/entrepreneurship interface
|h [electronic resource] /
|c guest editor, David Crick.
|
| 260 |
|
|
|a [Bradford, England] :
|b Emerald Group Pub.,
|c 2004.
|
| 300 |
|
|
|a p.167-236.
|
| 490 |
1 |
|
|a Qualitative market research ;
|v v. 7, no. 3, 2004
|
| 504 |
|
|
|a Includes bibliographical references.
|
| 533 |
|
|
|a Electronic reproduction. Ann Arbor, MI : ProQuest, 2015. Available via World Wide Web. Access may be limited to ProQuest affiliated libraries.
|
| 650 |
|
0 |
|a Marketing research.
|
| 650 |
|
0 |
|a Entrepreneurship.
|
| 655 |
|
4 |
|a Electronic books.
|
| 700 |
1 |
|
|a Crick, David.
|
| 710 |
2 |
|
|a ProQuest (Firm)
|
| 830 |
|
0 |
|a Qualitative market research ;
|v v. 7, no. 3.
|
| 856 |
4 |
0 |
|u https://ebookcentral.proquest.com/lib/matrademy/detail.action?docID=289856
|z Click to View
|